Ben, mon cochon ! Quiz sur le cochon - Statistiques

Statistiques générales
  • Ce quiz a été pris 137 fois
  • Le résultat moyen est 10 sur 20
Statistiques - réponses
Questions Réponses % Correct
Petite boule généralement en bois qui sert de but, de point de mire, à la pétanque Cochonnet
89%
Femelle du cochon Truie
86%
Cochon de céramique ou de porcelaine avec une fente sur le dos Tirelire
77%
Jeu ou exercice aux agrès qui consiste à se suspendre, les pieds et les mains fixés aux anneaux Cochon-pendu
70%
Cochon devenu berger au cinéma Babe
68%
Ami de Winnie l'Ourson Porcinet
68%
Gâcher quelque chose en le donnant à une personne qui n'en ferait pas un bon usage. ( De la ---------- aux cochons ) Confiture
59%
Cobaye domestique Cochon d'Inde
57%
Cochon d'Homer Simpson Spider-Cochon
53%
Auteur du roman policier " Cinq petits cochons" Agatha Christie
48%
Personnage de dessin animé américain caractérisé par un fort bégaiement Porky Pig
48%
Porc employé pour la reproduction Verrat
48%
Jeune porcelet rôti en entier Cochon de lait
46%
Roman de George Orwell où les cochons prennent le pouvoir La ferme des animaux
46%
Dans l'Odyssée, qui transforme les compagnons d'Ulysse en pourceaux ? Circé
32%
Principale marionnette de la série télévisée Muppets, éprise de Kermit la grenouille Miss Piggy ou Piggy la cochonne
29%
Etable à cochons, synomyme de porcherie Soue
22%
Marque de prêt-à-porter féminin fondée en 1973 Naf Naf
16%
Expression signifiant que l'on s'engage à tenir sa promesse Cochon qui s'en dédit
14%
Quel chanteur sort en 1980 l'abum "De l'amour, de l'art ou du cochon" ? Hubert-Félix Thiéfaine
5%
Aucun quiz correspondant
Distribution des résultats
% des personnes avec chaque résultat
Percentile par nombre de réponses
Votre historique - résultats
Vous n’avez pas pris ce quiz